000 00573nam a2200181Ia 4500
999 _c32577
_d32577
003 OSt
005 20200804145401.0
008 190216s9999||||xx |||||||||||||| ||und||
020 _a9788184898408
040 _coclc
082 _a511.322
_bKOM/P
100 _aKomjath, Peter
_93958
245 0 _aProblems And Theorems In Classical Set Theory /
_cPeter Komjath ; Vilmos Totik
260 _bSpringer International Student Edition,
_c2011.
_aNew Delhi:
300 _a514p
650 _aSet Theory
942 _cBK
_2ddc
_h511.322
_iKOM/P
_k511.322
_mKOM/P